DFW Counties - Statistics

General Stats
  • This quiz has been taken 45 times
  • The average score is 9 of 20
Answer Stats
A City in that County The County % Correct
Carrollton TX Dallas
94%
McKinney TX Collin
90%
Sanger TX Denton
84%
Fort Worth TX Tarrant
84%
Waxahachie TX Ellis
58%
Terrell TX Kaufman
55%
Fate TX Rockwall
52%
Sherman TX Grayson
48%
Decatur TX Wise
48%
Cleburne TX Johnson
42%
Mineral Wells TX Palo Pinto
42%
Greenville TX Hunt
39%
Weatherford TX Parker
39%
Gainesville TX Cooke
32%
Granbury TX Hood
29%
Athens TX Henderson
26%
Corsicana TX Navarro
23%
Glen Rose TX Somervell
23%
Sulphur Springs TX Hopkins
16%
Durant OK Bryan
13%
No matching quizzes found
Score Distribution
Percent of People with Each Score
Percentile by Number Answered
Your Score History
You have not taken this quiz